000 00645nam a2200253 a 4500
001 14341
003 BD-JhCC
005 20250304120250.0
008 250302b19822018e a|||| ||a| 001 0 eng d
020 _a9780241339787
035 _a(BD-JhCC)14341
040 _aBD-JhCC
_dBD-JhCC
041 _aenglish
082 _a808.83
_bTSU 2018
100 _a Tsushima,Yuko
245 _aOf Dogs and Walls /
_cYuko Tsushima.
260 _aNew York:
_bPenguin Books;
_c2018.
300 _a64 p. :
_c16 cm.
490 _aPenguin Modern: 43
500 _aPenguin Modern: 43
650 _a English Short stories .
942 _2ddc
_cBK
999 _c14341
_d14341